000 00436nam a2200181Ia 4500
005 20250423100523.0
008 250422s9999 xx 000 0 und d
020 _a0070191107
050 _aQC 21 .2 .E37/
100 _aEisberg, Robert M.
245 0 _aPhysics : foundations and applications
260 _aNew York
260 _bMcGraw-Hill Book Company
260 _cc1981
300 _a526 p
650 _aFizik
942 _cBK
999 _c33557
_d33557